| Tag |
First Indicator |
Second Indicator |
Subfields |
| LEADER |
00000cas a2200000 a 4500 |
| 001 |
in00000079730 |
| 005 |
20151008053959.0 |
| 008 |
810401d19811983fr wr7p f0uuub0fre d |
| 010 |
|
|
|a 81642809
|
| 012 |
|
|
|a 4
|b 3
|
| 022 |
0 |
|
|a 0249-6313
|9 0567-655X
|
| 030 |
|
|
|a CRSEDA
|
| 035 |
|
|
|a (OCoLC)07293935
|
| 035 |
|
|
|9 AAH9263AM
|
| 037 |
|
|
|b Gauthier-Villars, C.D.R., Centrale des revues, B.P. no 119, 93104 Montreuil, Cedex, France
|
| 040 |
|
|
|a LYU
|c LYU
|d DLC
|d NST
|d OCL
|d NST
|d NSD
|d NST
|d NSD
|d NST
|d NSD
|d NST
|d OCL
|d NST
|d SER
|d NST
|d RCS
|d DLC
|d NST
|d AIP
|d TXA
|d UtOrBLW
|
| 041 |
0 |
|
|a fre
|b eng
|
| 042 |
|
|
|a lc
|a nsdp
|
| 049 |
|
|
|a TXAE
|
| 050 |
0 |
0 |
|a Q2
|b .A26
|
| 060 |
0 |
0 |
|a W1 CO455QD
|
| 069 |
1 |
|
|a C35310000
|
| 082 |
0 |
|
|a 574/.05
|
| 210 |
0 |
|
|a C. r. seances Acad. sci., Ser. 3., sci. vie
|
| 222 |
|
0 |
|a Compte rendus des seances de l'Academie des sciences. Serie 3 Sciences de la Vie
|
| 245 |
0 |
0 |
|a Comptes rendus des seances de l'Academie des sciences.
|n Serie III,
|p Sciences de la vie.
|
| 264 |
|
1 |
|a Paris :
|b Gauthier-Villars,
|c [1981-1983]
|
| 264 |
|
4 |
|c ©1981-1983
|
| 300 |
|
|
|a 6 volumes :
|b illustrations ;
|c 27 cm.
|
| 310 |
|
|
|a Weekly
|
| 336 |
|
|
|a text
|b txt
|2 rdacontent
|
| 337 |
|
|
|a unmediated
|b n
|2 rdamedia
|
| 338 |
|
|
|a volume
|b nc
|2 rdacarrier
|
| 362 |
0 |
|
|a T. 292, ser. III, no 1 (5 jan. 1981)-t. 297, ser. III, no. 13 (dec. 1983).
|
| 500 |
|
|
|a Title from cover.
|
| 546 |
|
|
|a Summaries in English.
|
| 650 |
|
0 |
|a Life sciences
|v Periodicals.
|
| 650 |
|
0 |
|a Biology
|v Periodicals.
|
| 710 |
2 |
|
|a Académie des sciences (France)
|
| 780 |
0 |
1 |
|t Comptes rendus des seances de l'Academie des sciences. Serie D, Sciences naturelles
|w (DLC) 81642808
|
| 785 |
0 |
0 |
|t Comptes rendus de l'Academie des sciences. serie III, Sciences de la vie
|
| 999 |
|
|
|a MARS
|
| 999 |
f |
f |
|s 45034a6a-5980-37b7-ab25-55118badd99e
|i aedd684d-7fba-3764-88ca-74847d9cc3a7
|t 0
|
| 952 |
f |
f |
|p ric
|a Texas A&M University
|b Rellis Campus
|c Joint Library Facility
|d Remote Storage
|t 0
|e Q2 .A26
|h Library of Congress classification
|i unmediated -- volume
|k t.293 -t.293
|l 1981:Oct.-1981:Dec.
|m A14812177496
|
| 952 |
f |
f |
|p ric
|a Texas A&M University
|b Rellis Campus
|c Joint Library Facility
|d Remote Storage
|t 0
|e Q2 .A26
|h Library of Congress classification
|i unmediated -- volume
|k t.293:no.1 -t.293:no.3
|l 1981-1981
|m A14812138882
|
| 998 |
f |
f |
|a Q2 .A26
|s t.292-297 (1981-1983)
|t 0
|l Remote Storage
|